Kontrastive Analyse der Phraseologismen und Metaphern: spanisch (Spanien) - slowakisch

Historická, kultúrna, politická a ekonomická charakteristika Španielska. El País ako jeden z najstarších a najpredávanejších nezávislých demokratických denníkov v Španielsku. Španielska frazeológia. Výskyt frazeológií, príležitostných metafor v španielskom denníku El País počas prezidentských volieb...

Descrizione completa

Salvato in:
Dettagli Bibliografici
Autore principale: Spišiaková, Mária, 1973-
Natura: Capitolo di libro
Lingua:tedesco
spagnolo
slovacco
Soggetti:
Tags: Aggiungi Tag
Nessun Tag, puoi essere il primo ad aggiungerne!!

MARC

LEADER 00000naa$a2200000$$$4500
001 0236099
005 20240502083629.5
041 0 |a ger 
041 0 |a spa 
041 0 |a slo 
044 |a DE 
245 1 0 |a Kontrastive Analyse der Phraseologismen und Metaphern: spanisch (Spanien) - slowakisch  |c Mária Spišiaková 
520 |a Historická, kultúrna, politická a ekonomická charakteristika Španielska. El País ako jeden z najstarších a najpredávanejších nezávislých demokratických denníkov v Španielsku. Španielska frazeológia. Výskyt frazeológií, príležitostných metafor v španielskom denníku El País počas prezidentských volieb v USA. Zameranie na politiku, kultúru a podnikanie. Tematické slovné polia v španielskych novinách El País. 
610 2 0 |a noviny 
610 2 0 |a španielčina 
610 2 0 |a Španielsko 
610 2 0 |a slovenčina 
610 2 0 |a jazykoveda 
610 2 0 |a analýza komparatívna 
100 1 |a Spišiaková, Mária, 1973-